<?xml version="1.0" encoding="UTF-8"?>
<record
    xmlns:xsi="http://www.w3.org/2001/XMLSchema-instance"
    xsi:schemaLocation="http://www.loc.gov/MARC21/slim http://www.loc.gov/standards/marcxml/schema/MARC21slim.xsd"
    xmlns="http://www.loc.gov/MARC21/slim">

  <leader>00897nam a2200193Ia 4500</leader>
  <controlfield tag="008">121028s9999    xx            000 0 und d</controlfield>
  <datafield tag="020" ind1=" " ind2=" ">
    <subfield code="a">968-24-4396-2</subfield>
  </datafield>
  <datafield tag="050" ind1=" " ind2=" ">
    <subfield code="a">G156.5 P5 M65 1991</subfield>
  </datafield>
  <datafield tag="100" ind1=" " ind2=" ">
    <subfield code="a">MOLINA E., Sergio</subfield>
  </datafield>
  <datafield tag="245" ind1=" " ind2=" ">
    <subfield code="a">Planificaci&#xF3;n integral del turismo : un enfoque para latinoam&#xE9;rica / Sergio Molina E. y Sergio Rodr&#xED;guez A.</subfield>
  </datafield>
  <datafield tag="250" ind1=" " ind2=" ">
    <subfield code="a">2a ed.</subfield>
  </datafield>
  <datafield tag="260" ind1=" " ind2=" ">
    <subfield code="a">M&#xE9;xico : Trillas</subfield>
  </datafield>
  <datafield tag="300" ind1=" " ind2=" ">
    <subfield code="a">104 p.</subfield>
  </datafield>
  <datafield tag="440" ind1=" " ind2=" ">
    <subfield code="a">Trillas turismo</subfield>
  </datafield>
  <datafield tag="500" ind1=" " ind2=" ">
    <subfield code="a">Incluye &#xED;ndices Bibliograf&#xED;a: p.97-98</subfield>
  </datafield>
  <datafield tag="505" ind1=" " ind2=" ">
    <subfield code="a">Introducci&#xF3;n Cap. 1. Evoluci&#xF3;n econ&#xF3;mica y social de Latinoam&#xE9;rica Cap. 2. Papel del turismo en el proceso evolutivo de Latinoam&#xE9;rica Cap. 3. Contexto de la planificaci&#xF3;n Cap. 4. Aspectos t&#xE9;cnicos de la planificaci&#xF3;n Cap. 5. Enfoques de la planificac</subfield>
  </datafield>
  <datafield tag="650" ind1=" " ind2=" ">
    <subfield code="a">Turismo - Planificaci&#xF3;n y desarrollo - Am&#xE9;rica Latina</subfield>
  </datafield>
  <datafield tag="700" ind1=" " ind2=" ">
    <subfield code="a">Rodr&#xED;guez A., Sergio, coaut.&#xCC;</subfield>
  </datafield>
  <datafield tag="952" ind1=" " ind2=" ">
    <subfield code="0">0</subfield>
    <subfield code="1">0</subfield>
    <subfield code="2">lcc</subfield>
    <subfield code="4">0</subfield>
    <subfield code="7">0</subfield>
    <subfield code="a">14</subfield>
    <subfield code="b">14</subfield>
    <subfield code="d">2009-10-07</subfield>
    <subfield code="l">0</subfield>
    <subfield code="o">G156.5P5 M65 1991</subfield>
    <subfield code="p">14 002373</subfield>
    <subfield code="r">2012-10-28</subfield>
    <subfield code="t">1</subfield>
    <subfield code="w">2012-10-28</subfield>
    <subfield code="y">LB</subfield>
  </datafield>
  <datafield tag="952" ind1=" " ind2=" ">
    <subfield code="0">0</subfield>
    <subfield code="1">0</subfield>
    <subfield code="2">lcc</subfield>
    <subfield code="4">0</subfield>
    <subfield code="7">0</subfield>
    <subfield code="a">14</subfield>
    <subfield code="b">14</subfield>
    <subfield code="d">2009-10-07</subfield>
    <subfield code="l">0</subfield>
    <subfield code="o">G156.5P5 M65 1991</subfield>
    <subfield code="p">14 002374</subfield>
    <subfield code="r">2012-10-28</subfield>
    <subfield code="t">2</subfield>
    <subfield code="w">2012-10-28</subfield>
    <subfield code="y">LB</subfield>
  </datafield>
  <datafield tag="952" ind1=" " ind2=" ">
    <subfield code="0">0</subfield>
    <subfield code="1">0</subfield>
    <subfield code="2">lcc</subfield>
    <subfield code="4">0</subfield>
    <subfield code="7">0</subfield>
    <subfield code="a">14</subfield>
    <subfield code="b">14</subfield>
    <subfield code="d">2009-10-07</subfield>
    <subfield code="l">2</subfield>
    <subfield code="o">G156.5P5 M65 1991</subfield>
    <subfield code="p">14 002375</subfield>
    <subfield code="r">2019-01-16</subfield>
    <subfield code="s">2019-01-10</subfield>
    <subfield code="t">3</subfield>
    <subfield code="w">2012-10-28</subfield>
    <subfield code="y">LB</subfield>
  </datafield>
  <datafield tag="952" ind1=" " ind2=" ">
    <subfield code="0">0</subfield>
    <subfield code="1">0</subfield>
    <subfield code="2">lcc</subfield>
    <subfield code="4">0</subfield>
    <subfield code="7">0</subfield>
    <subfield code="a">14</subfield>
    <subfield code="b">14</subfield>
    <subfield code="d">2010-10-13</subfield>
    <subfield code="l">3</subfield>
    <subfield code="m">1</subfield>
    <subfield code="o">G156.5P5 M65 1991</subfield>
    <subfield code="p">14 003262</subfield>
    <subfield code="r">2015-12-02</subfield>
    <subfield code="s">2015-12-01</subfield>
    <subfield code="t">4</subfield>
    <subfield code="w">2012-10-28</subfield>
    <subfield code="y">LB</subfield>
  </datafield>
  <datafield tag="952" ind1=" " ind2=" ">
    <subfield code="0">0</subfield>
    <subfield code="1">0</subfield>
    <subfield code="2">lcc</subfield>
    <subfield code="4">0</subfield>
    <subfield code="7">0</subfield>
    <subfield code="a">14</subfield>
    <subfield code="b">14</subfield>
    <subfield code="d">2010-10-14</subfield>
    <subfield code="l">2</subfield>
    <subfield code="o">G156.5P5 M65 1991</subfield>
    <subfield code="p">14 003427</subfield>
    <subfield code="r">2014-04-04</subfield>
    <subfield code="s">2014-04-04</subfield>
    <subfield code="t">5</subfield>
    <subfield code="w">2012-10-28</subfield>
    <subfield code="y">LB</subfield>
  </datafield>
  <datafield tag="952" ind1=" " ind2=" ">
    <subfield code="0">0</subfield>
    <subfield code="1">0</subfield>
    <subfield code="2">lcc</subfield>
    <subfield code="4">0</subfield>
    <subfield code="7">0</subfield>
    <subfield code="a">14</subfield>
    <subfield code="b">14</subfield>
    <subfield code="d">2010-10-14</subfield>
    <subfield code="l">2</subfield>
    <subfield code="o">G156.5P5 M65 1991</subfield>
    <subfield code="p">14 003444</subfield>
    <subfield code="r">2019-05-28</subfield>
    <subfield code="s">2019-01-16</subfield>
    <subfield code="t">6</subfield>
    <subfield code="w">2012-10-28</subfield>
    <subfield code="y">LB</subfield>
  </datafield>
  <datafield tag="999" ind1=" " ind2=" ">
    <subfield code="c">85204</subfield>
    <subfield code="d">85204</subfield>
  </datafield>
</record>
